000 01044cam a22002771i 4500
003 SA-RiAUC
005 20251230075703.0
008 251227s2013 su g b 00010 ara c
020 _a9786038138113
040 _aKW-KcNLK
_bara
_cSA-RiAUC.
_erda
082 0 4 _a001.2089927
_qSA-RiAUC
090 _a001.2089927
_bح ر ب
100 1 _aحربي، خالد أحمد
_eمؤلف.
245 1 0 _aأسس العلوم الحديثة في الحضارة الإسلامية /
_cخالد حربي.
264 1 _aالرياض :
_bالمجلة العربية،
_c2013
300 _a123 صفحة ؛
_c20 سم.
336 _aنص
_btxt
_2rdacontent
_3كتاب
337 _aبدون وسيط
_bn
_2rdamedia
338 _aمجلد
_bnc
_2rdacarrier
490 0 _aكتاب المجلة العربية ؛
_v204
504 _aببليوجرافية : صفحة 121-122.
650 7 _aالعلوم عند المسلمين
_2aucsh
650 7 _aالحضارة الإسلامية
_2aucsh
942 _2ddc
_cBOOK
_n0
949 _aSA-JeALM
_d251227
_umohamedma123
_n1
999 _c13822
_d13822